Slovensko a Európska únia : Obchodná politika, vzájomné vzťahy /
Na minha lista:
| Main Authors: | , |
|---|---|
| Formato: | Livro |
| Idioma: | eslovaco |
| Publicado em: |
Bratislava :
Sprint,
1997
|
| Assuntos: | |
| Tags: |
Sem tags, seja o primeiro a adicionar uma tag!
|
MARC
| LEADER | 00000nam a22000003a 4500 | ||
|---|---|---|---|
| 001 | stu10404 | ||
| 005 | 20150617225803.7 | ||
| 008 | 980109s1997----xo------------------slo-d | ||
| 020 | |a 80-88848-11-3 | ||
| 040 | |a STU |b slo | ||
| 041 | 0 | |a slo | |
| 044 | |a xo | ||
| 080 | |a 339.923 | ||
| 080 | |a 061.1(4-15)EU | ||
| 100 | 1 | |a Michník, Ľubomír |4 aut | |
| 245 | 1 | |a Slovensko a Európska únia : |b Obchodná politika, vzájomné vzťahy / |c [aut.] Michník,Ňubomír; řesták,Jozef | |
| 260 | |a Bratislava : |b Sprint, |c 1997 | ||
| 300 | |a 207 s | ||
| 650 | 7 | |a EHS |2 stusub | |
| 650 | 7 | |a zahraničný obchod |2 stusub | |
| 650 | 7 | |a medzinárodné hospodárske vzťahy |2 stusub | |
| 700 | 1 | |a Šesták, Jozef |4 aut | |
| 996 | |b E81626 |c R*81626 |l RRUM |s A |a 24 |w stu10404_0001 | ||